Catalog

Record Details

Catalog Search



Vyděděnci  Cover Image Book Book

Vyděděnci / Jan Machoň

Summary:

Podstatně přepracované a částečně zkrácené vydání autorova historického románu z doby vlády Václava IV. (nezahrnuje román Život pro živé, označovaný jako Vyděděnci II). Román, který se zaměřuje na spory Václava IV. s panstvema na boje mezi příslušníky lucemburského panovnického rodu, líčí pomoc moravské šlechty markrabímu Prokopovi, jenž bojuje na straně krále proti svému bratrovi markrabímu Joštovi. Autor zde sugestivním způsobem navozuje ovzdušítehdejší doby, přesvědčivě líčí život na moravských tvrzích a statcích a jednající postavy vybavuje dokonalou psychologií.

Record details

  • Physical Description: 241, [2] s. ; 8°
  • Edition: 2., přeprac. vyd.
  • Publisher: Brno : Blok, 1971

Content descriptions

General Note:
Il. tit. dvoulist
5000 výt.

Available copies

  • 1 of 1 copy available at Common Catalog SPOK.

Holds

  • 0 current holds with 1 total copy.
Show Only Available Copies
Location Call Number / Copy Notes Barcode Shelving Location Status Due Date
KDS Library 810 MaJ 204576800859 Library Available -

LDR 01364nam a22002531 4500
00120528
003CZ-PrJAB
00520150708112935.0
008970403s1971 xr cze
015 . ‡acnb000429030
035 . ‡a(CZ PrNK)bk197100917
035 . ‡a(OCoLC)41870700
040 . ‡aABA001 ‡bcze ‡cABA001 ‡dABA001
080 . ‡a885-311.6:943.7"14" ‡2undef
1001 . ‡aMachoň, Jan, ‡d1921-1994 ‡7jk01073022 ‡4aut
24510. ‡aVyděděnci / ‡cJan Machoň
250 . ‡a2., přeprac. vyd.
260 . ‡aBrno : ‡bBlok, ‡c1971 ‡f(Tisk 2)
300 . ‡a241, [2] s. ; ‡c
500 . ‡aIl. tit. dvoulist
500 . ‡a5000 výt.
520 . ‡aPodstatně přepracované a částečně zkrácené vydání autorova historického románu z doby vlády Václava IV. (nezahrnuje román Život pro živé, označovaný jako Vyděděnci II). Román, který se zaměřuje na spory Václava IV. s panstvema na boje mezi příslušníky lucemburského panovnického rodu, líčí pomoc moravské šlechty markrabímu Prokopovi, jenž bojuje na straně krále proti svému bratrovi markrabímu Joštovi. Autor zde sugestivním způsobem navozuje ovzdušítehdejší doby, přesvědčivě líčí život na moravských tvrzích a statcích a jednající postavy vybavuje dokonalou psychologií.
910 . ‡aABE463
964 . ‡aČechy - stol. 14., konec-stol. 15., poč. - romány historické
998 . ‡a000429030
901 . ‡a20528 ‡b ‡c20528 ‡tbiblio

Additional Resources